000 00337nam a2200121Ia 4500
008 240731s9999 xx 000 0 und d
022 _a2690-7267
245 0 _aCanadian Journal of Art Therapy : Research, Practice, and Issues
260 _bRoutledge
856 _uhttps://www.tandfonline.com/loi/ucat21
942 _2ddc
942 _cTFEJ
999 _c75747
_d75747
945 _a1
_bMadushi Gamage
_c1
_dMadushi Gamage